| 000 | 00500nam a2200169 4500 | ||
|---|---|---|---|
| 001 | 145241 | ||
| 003 | ES-MaACL | ||
| 005 | 20231207063033.0 | ||
| 007 | t| | ||
| 008 | 070214s1961 sp r ||||1| spa d | ||
| 100 | 1 |
_aSouvirón, José María _d1904-1973 _9107605 |
|
| 245 | 1 | 3 |
_aEl solitario y la tierra / _cJosé María Souviron. |
| 260 |
_aMadrid : _bPapeles de Son Armadans, _c1961. |
||
| 300 |
_a127 p. ; _c19 cm. |
||
| 852 |
_aES-MaACL _jC-20705 _bR.49130 |
||
| 999 |
_c145241 _d145241 |
||